00282nam a22001097a 450000500170000002000180001708200170003510000200005224500470007226000420011930000110016120260223145704.0 a9781639898831 a633.85 LAF.O aLafferty, Craig aOil crops b: Advances in plant breeding / aUSA :bState academic press ,cc2025. a230 p.